000 00353nam a2200145 i 4500
001 bg
100 1 _aKUKSEWICZ, Zdzisław
245 0 _aZarys filozofii średniowiecznej /
_cZdzisław Kuksewicz.
250 _aWyd.2 popr.
260 _aWarszawa,
_c1979.
040 _cBPK
041 _apol
942 _cKS
008 s pl f |000 0 pol
999 _c18970
_d18970
856 _uhttp://koha.tu.koszalin.pl/cgi-bin/koha/opac-detail.pl?biblionumber=18970
_yKatalog online BPK